Szczegóły MARC21

Przestrzenne i ekonomiczne aspekty rozwoju transportu na przykładziewojewództwa katowickiego : materiały z seminarium Polskiej Akademii Nauk, Komisji Transportu, Sek cji Organizacji i Zarządzania, Komisji Transportu przy Oddziale PAN w Katowicach, Katedry Transportu Akademii Ekonomicznej w Katowicach, Ka owice 18.12.1997 /

005 -DATA I CZAS OSTATNIEJ MODYFIKACJI [,]
    • @
    • pole kontrolne
    • 20070315155141.9
020 -Międzynarod. znormalizowany nr książki - ISBN [ , ]
    • a
    • Numer ISBN
    • 8387265691 Find
040 -Instytucja sporządzająca opis [ , ]
    • a
    • Instytucja, która sporządziła opis (NP)
    • SZCZ U
    • c
    • Instytucja, która sporządziła rekord (NP)
    • SZCZ U
041 -Język dokumentu [0, ]
    • a
    • Język tekstu (P)
    • polski
    • h
    • Język tekstu oryginalnego i/lub pośredniego (P)
    • polski
942 -Rodzaj dokumentu [ , ]
    • c
    • Rodzaj dokumentu
    • Książka
245 -Strefa tytułu i oznaczenia odpowiedzialności [0, ]
    • a
    • Tytuł
    • Przestrzenne i ekonomiczne aspekty rozwoju transportu na przykładziewojewództwa katowickiego : Find
    • b
    • Ciąg dalszy tytułu (NP)
    • materiały z seminarium Polskiej Akademii Nauk, Komisji Transportu, Sek cji Organizacji i Zarządzania, Komisji Transportu przy Oddziale PAN w Katowicach, Katedry Transportu Akademii Ekonomicznej w Katowicach, Ka owice 18.12.1997 / Find
260 -Strefa adresu wydawniczego [ , ]
    • a
    • Miejsce wydania (P)
    • Katowice :
    • b
    • Nazwa wydawcy (P)
    • 222222AE
    • c
    • Data wydania (P)
    • 1998.
300 -Strefa opisu fizycznego [ , ]
    • a
    • Określenie formy książki i/lub objętość (NP)
    • 122 s. :
    • b
    • Oznaczenie ilustracji (NP)
    • mapy[2] k.złoż. :
    • c
    • Format (NP)
    • 25 cm.
490 -Strefa serii i książki wielotomowej - forma nie do wyszukiwania [0, ]
    • a
    • Tytuł (P)
    • (Prace Naukowe / Akademia Ekonomiczna im. Karola Adamieckiego) Find
080 -Uniwersalna Klasyfikacja Dziesiętna [ , ]
    • a
    • Symbol klasyfikacji
    • 711.2(438)"1989/..."(061)
080 -Uniwersalna Klasyfikacja Dziesiętna [ , ]
    • a
    • Symbol klasyfikacji
    • :656(438)"1989/..."(061)
980 -Symbol UKD [ , ]
    • a
    • UKD
    • 711.2:656](438)"1989/..."(061)
700 -Hasło dodatkowe - nazwa osobowa [ , ]
    • a
    • Nazwa osobowa (NP)
    • Dziadek Stanisław Find
700 -Hasło dodatkowe - nazwa osobowa [ , ]
    • a
    • Nazwa osobowa (NP)
    • Dydkowski Grzegorz Find
700 -Hasło dodatkowe - nazwa osobowa [ , ]
    • a
    • Nazwa osobowa (NP)
    • Tomanek Robert Find
920 -ISBN [ , ]
    • a
    • ISBN
    • 83-87265-69-1 Find
Lokalizacja Data inwentaryzacji Status udost. Numer inwentarzowy
T1999-10-06-2T.1024